Statistiques concernant Paroles Supreme version française-Robbie Williams

Cliquez ici pour prendre le quiz!

Statistiques générales

  • Ce quiz a été pris 17 fois
  • Le résultat moyen est 178 sur 299

Statistiques - réponses

Réponse% Correct
a
100%
de
100%
i
100%
I
100%
la
100%
100%
Le
100%
le
100%
n'est
100%
plus
100%
Quand
100%
Que
100%
que
100%
et
92%
Et
92%
L'amour
92%
l'amour
92%
pour
92%
Pour
92%
supreme
92%
To
92%
Tu
92%
tu
92%
Donne
85%
ici-bas
85%
meilleur
85%
toi-même
85%
trouveras
85%
un
85%
les
77%
reste-t-il
77%
te
77%
survivre
69%
Tout
69%
au
62%
ce
62%
est
62%
love
62%
monde
62%
vie
62%
du
54%
Oh
54%
Qui
54%
ses
54%
Si
54%
si
54%
the
54%
ton
54%
amour
46%
besoin
46%
comme
46%
d'amour
46%
ils
46%
so
46%
sont
46%
Tous
46%
toutes
46%
veux
46%
vivre
46%
and
38%
And
38%
beaux
38%
coeur
38%
encore
38%
été
38%
for
38%
fort
38%
i'm
38%
jour
38%
Quel
38%
Sans
38%
ta
38%
tes
38%
Aimer
31%
avoir
31%
belles
31%
choses
31%
désir
31%
disent
31%
Entre
31%
grand
31%
jouer
31%
moins
31%
nuits
31%
ont
31%
Pas
31%
perdu
31%
peur
31%
semble
31%
this
31%
ailleurs
23%
avant
23%
back
23%
bonheur
23%
but
23%
choisir
23%
crier
23%
D'aimer
23%
déjà
23%
d'être
23%
devant
23%
deviens-tu
23%
dois
23%
d'y
23%
franc-jeu
23%
girl
23%
glace
23%
inventaire
23%
know
23%
lueur
23%
my
23%
nouvel
23%
oublie
23%
pause
23%
plaisir
23%
prends
23%
Prends
23%
prises
23%
priver
23%
reviennent
23%
secours
23%
seul
23%
t'empêche
23%
ticket
23%
Viens
23%
vraiment
23%
beginning
15%
déserté
15%
Est-ce
15%
eye
15%
face
15%
friend
15%
got
15%
Got
15%
i've
15%
likes
15%
little
15%
living
15%
now
15%
perdre
15%
Revoir
15%
royalties
15%
rues
15%
sais-tu
15%
screaming
15%
she
15%
she's
15%
Sit
15%
solitaire
15%
Something
15%
spy
15%
stack
15%
teams
15%
torturer
15%
track
15%
turn
15%
up
15%
vide
15%
watch
15%
with
15%
sweat
8%

Distribution des résultats

Percentile par nombre de réponses

% des personnes avec chaque résultat

Votre développement - résultats

Vous n’avez pas pris ce quiz